Lords of the Fallen (2023) All Bosses - Statistics

General Stats
  • This quiz has been taken 23 times
  • The average score is 19 of 39
Answer Stats
Hint Answer % Correct
Skyrest Bridge Pieta, She of Blessed Renewal
100%
Bramis Castle Adyr, the Bereft Exile
73%
Fief of the Chill Curse The Hollow Crow
73%
Abandoned Redcopse The Lightreaper
73%
Fitzroy's Gorge The Lightreaper
73%
Fief of the Chill Curse The Lightreaper
73%
Upper Calrath The Lightreaper
73%
Calrath Cistern Skinstealer
64%
Upper Calrath Spurned Progeny
64%
Forsaken Fen The Congregator of Flesh
64%
Forsaken Fen The Hushed Saint
64%
Upper Calrath Andreas of Ebb
55%
Mother's Lull Elianne the Starved
55%
Revelation Depths Harrower Dervla, the Pledged Knight/The Unbroken Promise
55%
The Empyrean Judge Cleric, the Radiant Sentinel
55%
Tower of Penance Tancred, Master of Castigations/Reinhold the Immured
55%
Bramis Castle The Sundered Monarch
55%
Upper Calrath Tortured Prisoner
55%
Abandoned Redcopse Holy Bulwark Otto
45%
Bramis Castle Kukajin
45%
Fitzroy's Gorge Ruiner
45%
Bramis Castle Gates The Iron Wayfarer
45%
Abbey of the Hallowed Sisters Abbess Ursula
36%
Tower of Penance Blessed Carrion Knight Sanisho
36%
Calrath Cistern Bringers of Stillness, Silence and Nullity
36%
Fitzroy's Gorge Crimson Rector Percival
36%
Bramis Castle Damarose the Marked
36%
Pilgrim's Perch Gentle Gaverus, Mistress of Hounds
36%
Fief of the Chill Curse Griefbound Rowena
36%
Lower Calrath Infernal Enchantress
36%
Fief of the Chill Curse Kinrangr Guardian Folard
36%
Forsaken Fen Mendacious Visage
36%
Path of Devotion Paladin's Burden
36%
Abbey of the Hallowed Sisters Rapturous Huntress of the Dusk
36%
Pilgrim's Perch Scourged Sister Delyth
36%
Pilgrim's Perch The Sacred Resonance of Tenacity
36%
Manse of the Hallowed Brothers Abiding Defenders Lirenne and Kyra
27%
Fitzroy's Gorge General Engstrom
27%
Forsaken Fen Spirit of the Bleak Season
27%
No matching quizzes found
Score Distribution
Percent of People with Each Score
Percentile by Number Answered
Your Score History
You have not taken this quiz